[Event "Stay Safe Play From Home 207"]
[Site "T#646637Emanuel Laske"]
[Date "2020.06.07"]
[Round "1"]
[White "Lazieri3"]
[Black "Möwe"]
[Result "1-0"]
[WhiteElo "2101"]
[BlackElo "1629"]
[Annotator "TA"]
[PlyCount "63"]
[EventDate "2020.06.07"]
[EventType "swiss (blitz)"]

{[%evp 9,62,-35,-20,-58,-57,-73,-62,-51,8,-35,12,-81,-41,-69,0,-173,-168,-162,11,0,33,29,35,21,48,18,18,0,33,-11,-18,-23,40,40,39,45,70,59,39,22,127,126,135,122,112,96,95,0,0,-489,29997,29992,29998,29999,29999]} 1. e4 d5 2. Nc3 d4 3. Nce2 e5 4. d3 c5 5. f4 Nc6 6. fxe5 {A00: Irregular Openings.} Nxe5 {[#]} 7. Nf3 $146 ({Predecessor:} 7. Bf4 Bd6 8. Bxe5 Bxe5 9. Nf3 Bc7 10. g3 Nf6 11. Qd2 Ba5 12. c3 Ng4 13. Qf4 dxc3 14. Nxc3 {0-1 (26) Blueml,J (1167)-Blosze,W (1781) Hanau 2013}) 7... Nxf3+ 8. gxf3 {Black is slightly better.} Be7 (8... Qh4+ $15 9. Ng3 Bd6) 9. Ng3 Bh4 10. Kf2 (10. Bg2 $11 {remains equal.}) 10... Nf6 11. Be2 Nh5 (11... Bh3 $15) 12. Rg1 $2 (12. Kg2 $1 $11 Nf6 13. Rf1) 12... Qc7 $19 13. Qd2 {[#]} O-O $2 (13... g5 $1 $19 {...0-0 is the strong threat.} 14. b4 f5) 14. f4 $11 Nxg3 (14... Nf6 {keeps more tension.} 15. f5 Re8 16. Kg2 Qe5 17. Bf3 g5) 15. hxg3 Be7 16. Rh1 f5 17. e5 Be6 18. Bf3 Rad8 19. Qe2 c4 20. Bd2 c3 ({Black should try} 20... Rc8 $11) 21. bxc3 $14 dxc3 22. Be3 Bc5 23. Rab1 b6 24. a4 Bd5 (24... a6 $1 $11 {keeps the balance.}) 25. Bxc5 $16 Qxc5+ 26. Qe3 Qa3 27. Bxd5+ Rxd5 28. e6 ({White should play} 28. Ra1 $16 Qe7 29. Rhb1) 28... Qxa4 29. e7 $2 {[%mdl 8192]} (29. Rb3 $11 {and White stays safe.} Qc6 30. Ra1) 29... Re8 $4 {[%mdl 8192]} (29... Qxc2+ $19 30. Qe2 Qxe2+ 31. Kxe2 Re8) 30. Qe6+ {[%mdl 64] Double Attack. White mates.} Kh8 {[#]} 31. Rxh7+ $1 {[%mdl 576] Clearance} Kxh7 32. Rh1# {Accuracy: White = 53%, Black = 39%.} 1-0

[Event "Stay Safe Play From Home 207"]
[Site "T#646637Emanuel Laske"]
[Date "2020.06.07"]
[Round "1"]
[White "little champs"]
[Black "Sfantul321"]
[Result "1-0"]
[WhiteElo "2055"]
[BlackElo "1970"]
[Annotator "NA RC"]
[PlyCount "85"]
[EventDate "2020.06.07"]
[EventType "swiss (blitz)"]

1. d4 {[%emt 0:00:05]} Nf6 {[%emt 0:00:03]} 2. e3 {[%emt 0:00:01]} b6 {[%emt 0:00:01]} 3. Nf3 {[%emt 0:00:01]} Bb7 {[%emt 0:00:00]} 4. Be2 {[%emt 0:00:04]} d6 {[%emt 0:00:01]} 5. O-O {[%emt 0:00:01]} Nbd7 {[%emt 0:00:01]} 6. c4 {[%emt 0:00:01]} e6 {[%emt 0:00:01]} 7. Nc3 {[%emt 0:00:00]} g6 {[%emt 0:00:01]} 8. b3 {[%emt 0:00:02]} Bg7 {[%emt 0:00:01]} 9. Bb2 {[%emt 0:00:02]} O-O {[%emt 0:00:01]} 10. Rc1 {[%emt 0:00:02]} a6 {[%emt 0:00:03]} 11. Bd3 {[%emt 0:00:01]} c5 {[%emt 0:00:03]} 12. Re1 {[%emt 0:00:05]} d5 {[%emt 0:00:01]} 13. cxd5 {[%emt 0:00:08]} exd5 {[%emt 0:00:04]} 14. Ne5 {[%emt 0:00:01]} Nxe5 {[%emt 0:00:16]} 15. dxe5 {[%emt 0:00:04]} Nd7 {[%emt 0:00:02]} 16. f4 {[%emt 0:00:01]} Qe7 {[%emt 0:00:02]} 17. Qf3 {[%emt 0:00:05]} Nxe5 {[%emt 0:00:09]} 18. fxe5 {[%emt 0:00:01]} d4 {[%emt 0:00:01]} 19. Nd5 {[%emt 0:00:04]} Qxe5 {[%emt 0:00:02]} 20. e4 {[%emt 0:00:01]} f5 {[%emt 0:00:08]} 21. Nxb6 {[%emt 0:00:15]} fxe4 {[%emt 0:00:04]} 22. Qe2 {[%emt 0:00:01]} Rad8 {[%emt 0:00:10]} 23. Bxe4 {[%emt 0:00:09]} Rfe8 {[%emt 0:00:05]} 24. Qc4+ {[%emt 0:00:02]} Kh8 {[%emt 0:00:08]} 25. Bxb7 {[%emt 0:00:01]} Qxe1+ {[%emt 0:00:01]} 26. Rxe1 {[%emt 0:00:01]} Rxe1+ {[%emt 0:00:01]} 27. Kf2 {[%emt 0:00:00]} Rde8 {[%emt 0:00:12]} 28. Bc6 {[%emt 0:00:08]} R8e6 {[%emt 0:00:10]} 29. Bf3 {[%emt 0:00:12]} R1e5 {[%emt 0:00:14]} 30. Nd7 {[%emt 0:00:11]} Re1 {[%emt 0:00:06]} 31. Nxc5 {[%emt 0:00:03]} Re8 {[%emt 0:00:06]} 32. Bxd4 {[%emt 0:00:03]} R1e7 {[%emt 0:00:11]} 33. Bxg7+ {[%emt 0:00:02]} Kxg7 {[%emt 0:00:01]} 34. Nxa6 {[%emt 0:00:01]} Kh6 {[%emt 0:00:04]} 35. Nc5 {[%emt 0:00:01]} Rf8 {[%emt 0:00:04]} 36. b4 {[%emt 0:00:02]} Ref7 {[%emt 0:00:05]} 37. b5 {[%emt 0:00:02]} g5 {[%emt 0:00:02]} 38. b6 {[%emt 0:00:01]} Rf4 {[%emt 0:00:02]} 39. Qe6+ {[%emt 0:00:06]} R8f6 {[%emt 0:00:01]} 40. Qxf6+ {[%emt 0:00:15]} Rxf6 {[%emt 0:00:02]} 41. b7 {[%emt 0:00:01]} Rb6 {[%emt 0:00:04]} 42. Nd7 {[%emt 0:00:01]} Rb2+ {[%emt 0:00:02]} 43. Kg3 {[%emt 0:00:00] Sfantul321 resigns (Lag: Av=0.44s, max=1.0s)} 1-0

[Event "Stay Safe Play From Home 207"]
[Site "T#646637Emanuel Laske"]
[Date "2020.06.07"]
[Round "1"]
[White "Bellbox"]
[Black "Robk"]
[Result "1-0"]
[WhiteElo "2005"]
[BlackElo "1564"]
[Annotator "TA"]
[PlyCount "49"]
[EventDate "2020.06.07"]
[EventType "swiss (blitz)"]

{[%evp 20,48,7,0,52,58,56,14,33,5,62,-24,54,49,733,776,761,753,733,633,1206,755,1734,1692,29996,29997,29997,29998,29998,29999,29999]} 1. e4 c5 2. c3 e6 3. d4 cxd4 4. cxd4 d5 5. e5 Nc6 6. Nc3 Nge7 7. Be3 Nf5 8. Nf3 Nxe3 9. fxe3 Be7 10. Bd3 O-O 11. O-O h6 {[#] C02: French: Advance Variation.} (11... Bd7 $11) 12. a3 $146 ({Predecessor:} 12. Rc1 Qb6 13. Rf2 Bd7 14. Bb1 Na5 15. h4 Nc4 16. h5 Be8 17. Qd3 g6 18. Qe2 Rc8 19. g4 Qxb2 20. Qxb2 Nxb2 21. Rxb2 {1-0 (39) Borisov,P (2245)-Borisenko,V Dnipropetrovsk 2005}) 12... a6 13. Rc1 Bd7 {The position is equal.} 14. b4 b5 (14... Na7 $11) 15. Ne2 (15. e4 $14) 15... Rc8 (15... Qe8 $11) 16. Bb1 Re8 $2 {[%mdl 8192] Now Black is done in.} (16... g6 $14) 17. Qd3 $18 {Threatening mate with Qh7+.} g6 18. Nf4 Kg7 {[#]} 19. Nxg6 $1 {[%mdl 512]} Bg5 (19... fxg6 20. Qxg6+) 20. h4 f5 21. exf6+ Bxf6 22. Nge5 {White mates.} Nxe5 23. Qh7+ Kf8 24. Nxe5 {[%cal Re5g6]} Qe7 25. Ng6# {Accuracy: White = 64%, Black = 26%.} 1-0

[Event "Stay Safe Play From Home 207"]
[Site "T#646637Emanuel Laske"]
[Date "2020.06.07"]
[Round "1"]
[White "Speedweb"]
[Black "Don59as"]
[Result "0-1"]
[WhiteElo "1716"]
[BlackElo "2012"]
[Annotator "NA RC"]
[PlyCount "78"]
[EventDate "2020.06.07"]
[EventType "swiss (blitz)"]

1. e4 {[%emt 0:00:01]} e5 {[%emt 0:00:03]} 2. Nf3 {[%emt 0:00:02]} Nc6 {[%emt 0:00:02]} 3. Bc4 {[%emt 0:00:01]} d6 {[%emt 0:00:05]} 4. d3 {[%emt 0:00:07]} Na5 {[%emt 0:00:02]} 5. Bb5+ {[%emt 0:00:03]} c6 {[%emt 0:00:01]} 6. Ba4 {[%emt 0:00:01]} b5 {[%emt 0:00:01]} 7. Bb3 {[%emt 0:00:01]} Nxb3 {[%emt 0:00:01]} 8. axb3 {[%emt 0:00:00]} f5 {[%emt 0:00:00]} 9. exf5 {[%emt 0:00:03]} Bxf5 {[%emt 0:00:00]} 10. O-O {[%emt 0:00:01]} Nf6 {[%emt 0:00:01]} 11. Re1 {[%emt 0:00:06]} Be7 {[%emt 0:00:01]} 12. d4 {[%emt 0:00:14]} e4 {[%emt 0:00:01]} 13. Nfd2 {[%emt 0:00:05]} O-O {[%emt 0:00:09]} 14. Nc3 {[%emt 0:00:03]} d5 {[%emt 0:00:05]} 15. Nf1 {[%emt 0:00:07]} Bd6 {[%emt 0:00:05]} 16. Ng3 {[%emt 0:00:03]} Bg4 {[%emt 0:00:03]} 17. Qd2 {[%emt 0:00:02]} h6 {[%emt 0:00:06]} 18. Rf1 {[%emt 0:00:35]} Nh5 {[%emt 0:00:02]} 19. Qe1 {[%emt 0:00:07]} Qh4 {[%emt 0:00:12]} 20. Ra6 {[%emt 0:00:11]} Bd7 {[%emt 0:00:10]} 21. Be3 {[%emt 0:00:20]} Rf7 {[%emt 0:00:25]} 22. Nce2 {[%emt 0:00:04]} g5 {[%emt 0:00:09]} 23. c4 {[%emt 0:00:06]} bxc4 {[%emt 0:00:07]} 24. bxc4 {[%emt 0:00:02]} Bf4 {[%emt 0:00:01]} 25. cxd5 {[%emt 0:00:08]} Bxe3 {[%emt 0:00:02]} 26. fxe3 {[%emt 0:00:02]} Rxf1+ {[%emt 0:00:01]} 27. Qxf1 {[%emt 0:00:02]} Rf8 {[%emt 0:00:01]} 28. Qe1 {[%emt 0:00:02]} Bg4 {[%emt 0:00:07]} 29. Rxc6 {[%emt 0:00:18]} Nf4 {[%emt 0:00:11]} 30. Nxf4 {[%emt 0:00:24]} gxf4 {[%emt 0:00:01]} 31. exf4 {[%emt 0:00:05]} Rxf4 {[%emt 0:00:03]} 32. Qe3 {[%emt 0:00:17]} Qg5 {[%emt 0:00:05]} 33. h3 {[%emt 0:00:12]} Bxh3 {[%emt 0:00:05]} 34. gxh3 {[%emt 0:00:03]} Rf1+ {[%emt 0:00:03]} 35. Kxf1 {[%emt 0:00:03]} Qxe3 {[%emt 0:00:01]} 36. Rg6+ {[%emt 0:00:15]} Kf7 {[%emt 0:00:04]} 37. Rg7+ {[%emt 0:00:02]} Kf8 {[%emt 0:00:05]} 38. d6 {[%emt 0:00:10]} Qc1+ {[%emt 0:00:03]} 39. Kg2 {[%emt 0:00:01]} Kxg7 {[%emt 0:00:01] Speedweb resigns (Lag: Av=1.03s, max=1.5s)} 0-1

[Event "Stay Safe Play From Home 207"]
[Site "T#646637Emanuel Laske"]
[Date "2020.06.07"]
[Round "1"]
[White "Timbre"]
[Black "Haris kollari 13"]
[Result "0-1"]
[WhiteElo "1622"]
[BlackElo "1928"]
[Annotator "NA RC"]
[PlyCount "80"]
[EventDate "2020.06.07"]
[EventType "swiss (blitz)"]

1. d4 {[%emt 0:00:15]} e6 {[%emt 0:00:02]} 2. Nf3 {[%emt 0:00:01]} d5 {[%emt 0:00:01]} 3. c3 {[%emt 0:00:01]} Bd6 {[%emt 0:00:01]} 4. Bg5 {[%emt 0:00:02]} f6 {[%emt 0:00:02]} 5. Bh4 {[%emt 0:00:02]} Qe7 {[%emt 0:00:01]} 6. Bg3 {[%emt 0:00:02]} c5 {[%emt 0:00:02]} 7. e3 {[%emt 0:00:02]} Nc6 {[%emt 0:00:01]} 8. Bb5 {[%emt 0:00:03]} Bd7 {[%emt 0:00:01]} 9. O-O {[%emt 0:00:02]} a6 {[%emt 0:00:05]} 10. Ba4 {[%emt 0:00:03]} b5 {[%emt 0:00:04]} 11. Bb3 {[%emt 0:00:01]} c4 {[%emt 0:00:01]} 12. Bc2 {[%emt 0:00:01]} g5 {[%emt 0:00:05]} 13. e4 {[%emt 0:00:02]} Bxg3 {[%emt 0:00:03]} 14. hxg3 {[%emt 0:00:02]} O-O-O {[%emt 0:00:01]} 15. a4 {[%emt 0:00:06]} b4 {[%emt 0:00:02]} 16. cxb4 {[%emt 0:00:03]} Nxb4 {[%emt 0:00:02]} 17. Nc3 {[%emt 0:00:02]} h5 {[%emt 0:00:06]} 18. exd5 {[%emt 0:00:03]} exd5 {[%emt 0:00:03]} 19. Re1 {[%emt 0:00:06]} Qd6 {[%emt 0:00:01]} 20. b3 {[%emt 0:00:07]} h4 {[%emt 0:00:04]} 21. bxc4 {[%emt 0:00:02]} hxg3 {[%emt 0:00:02]} 22. fxg3 {[%emt 0:00:02]} Qxg3 {[%emt 0:00:01]} 23. Rb1 {[%emt 0:00:05]} a5 {[%emt 0:00:04]} 24. Rxb4 {[%emt 0:00:04]} axb4 {[%emt 0:00:02]} 25. Nxd5 {[%emt 0:00:01]} g4 {[%emt 0:00:05]} 26. Nb6+ {[%emt 0:00:08]} Kc7 {[%emt 0:00:01]} 27. Nxd7 {[%emt 0:00:02]} gxf3 {[%emt 0:00:02]} 28. Qxf3 {[%emt 0:00:06]} Qxf3 {[%emt 0:00:01]} 29. gxf3 {[%emt 0:00:02]} Rxd7 {[%emt 0:00:01]} 30. d5 {[%emt 0:00:02]} Kd6 {[%emt 0:00:06]} 31. Be4 {[%emt 0:00:01]} Kc5 {[%emt 0:00:01]} 32. Rc1 {[%emt 0:00:06]} Ne7 {[%emt 0:00:03]} 33. Kg2 {[%emt 0:00:05]} Ra7 {[%emt 0:00:04]} 34. Rd1 {[%emt 0:00:05]} Nc8 {[%emt 0:00:07]} 35. Ra1 {[%emt 0:00:08]} Nd6 {[%emt 0:00:02]} 36. Bd3 {[%emt 0:00:03]} Kd4 {[%emt 0:00:03]} 37. c5 {[%emt 0:00:04]} Kxc5 {[%emt 0:00:02]} 38. Rc1+ {[%emt 0:00:04]} Kd4 {[%emt 0:00:01]} 39. Rc6 {[%emt 0:00:07]} Kxd3 {[%emt 0:00:01]} 40. Rxd6 {[%emt 0:00:01]} Rb8 {[%emt 0:00:01] Timbre resigns (Lag: Av=0.33s, max=0.8s)} 0-1

[Event "Stay Safe Play From Home 207"]
[Site "T#646637Emanuel Laske"]
[Date "2020.06.07"]
[Round "2"]
[White "little champs"]
[Black "Lazieri3"]
[Result "1/2-1/2"]
[WhiteElo "2068"]
[BlackElo "2103"]
[Annotator "TA"]
[PlyCount "115"]
[EventDate "2020.06.07"]
[EventType "swiss (blitz)"]

{[%evp 19,115,20,6,12,6,0,0,5,0,0,0,0,10,9,9,13,9,10,40,31,64,60,52,46,49,43,32,0,138,0,0,0,0,0,0,0,0,-15,-22,-16,22,-32,-23,-35,-10,-48,0,0,0,0,0,-66,0,0,0,-8,0,0,0,0,0,0,0,0,0,0,0,0,0,-8,0,0,0,-8,-8,-8,-8,-8,-8,-8,0,-8,0,0,0,0,0,0,0,0,0,0,0,0,0,0,8,8]} 1. d4 c6 2. e4 d5 3. Nc3 dxe4 4. Nxe4 Nd7 5. Nf3 Ngf6 6. Bd3 Nxe4 7. Bxe4 Nf6 8. Bd3 Bg4 9. c3 e6 10. h3 {10.0-0 is the modern continuation.} Bh5 11. g4 {B17: Caro-Kann: Modern Line (4...Nd7).} Bg6 12. Bf4 Bd6 13. Ne5 Bxd3 14. Qxd3 Nd5 15. Bg3 f6 16. Nc4 Bxg3 17. Qxg3 O-O 18. O-O-O {[#]} Re8 $146 ({Predecessor:} 18... Qc7 19. Qxc7 Nxc7 20. Rde1 Rad8 21. Na5 Rb8 22. f4 Rfe8 23. Rhf1 Kf7 24. Kc2 Red8 25. Re4 Rd6 {1-0 (52) Grilc,S (2310)-Kovacic,P (2035) Slovenia 1993}) 19. Rhe1 Qc7 20. Qxc7 Nxc7 21. Nd6 Reb8 $1 22. f4 b6 23. f5 exf5 (23... Rd8 $11 24. Nb7 Rdb8) 24. gxf5 (24. Nxf5 $16 Nd5 25. c4) 24... Rd8 $11 25. Nc4 Re8 26. Nd6 Rxe1 27. Rxe1 {[%mdl 4096] Endgame KRN-KRN} Kf8 28. Kd2 Rd8 29. Ne4 Re8 30. Nd6 (30. c4 $11) 30... Rxe1 $15 31. Kxe1 {KN-KN} Nd5 (31... Ke7 $5 {[%cal Re7d6]} 32. Ne4 g6 $11) 32. Kd2 Nf4 (32... Ke7 $5 {[%cal Re7d6]} 33. Ne4 g5 $11) 33. Nc8 Ke8 $1 34. Nxa7 Kd7 35. b4 (35. Ke3 $11 Nxh3 36. b4) 35... Nxh3 (35... b5 $1 $15) 36. b5 $11 {The position is equal.} cxb5 37. Nxb5 h5 38. Ke3 Ng5 39. Kf4 h4 40. Kg4 Kc6 (40... h3 $5 41. Kg3 $8 Kc6 $11) 41. c4 h3 {[#] Hoping for ...h2.} 42. Kg3 Kd7 43. d5 Ke7 44. Nc7 Kd6 45. Ne8+ Ke5 46. Nxg7 Ne4+ 47. Kxh3 Nd6 48. Kg4 Nxc4 49. Kf3 Nd6 50. Ke3 Kxd5 51. Kf4 Kc4 52. Ne6 Kb4 53. Nc7 Ka3 54. Nd5 b5 55. Nxf6 Kxa2 56. Nd5 Nxf5 57. Kxf5 b4 58. Nxb4+ {Accuracy: White = 85%, Black = 83%.} 1/2-1/2

[Event "Stay Safe Play From Home 207"]
[Site "T#646637Emanuel Laske"]
[Date "2020.06.07"]
[Round "2"]
[White "Sfantul321"]
[Black "Bellbox"]
[Result "1-0"]
[WhiteElo "1957"]
[BlackElo "2007"]
[Annotator "NA RC"]
[PlyCount "39"]
[EventDate "2020.06.07"]
[EventType "swiss (blitz)"]
[TimeControl "300"]

1. c4 {[%emt 0:00:01]} f5 {[%emt 0:00:01]} 2. Nc3 {[%emt 0:00:01]} Nf6 {[%emt 0:00:01]} 3. g3 {[%emt 0:00:01]} g6 {[%emt 0:00:01]} 4. Bg2 {[%emt 0:00:00]} Bg7 {[%emt 0:00:01]} 5. e3 {[%emt 0:00:01]} O-O {[%emt 0:00:00]} 6. Nge2 {[%emt 0:00:01]} d6 {[%emt 0:00:01]} 7. O-O {[%emt 0:00:01]} c5 {[%emt 0:00:01]} 8. d3 {[%emt 0:00:01]} Nc6 {[%emt 0:00:01]} 9. a3 {[%emt 0:00:01]} a5 {[%emt 0:00:04]} 10. b3 {[%emt 0:00:02]} e5 {[%emt 0:00:03]} 11. Rb1 {[%emt 0:00:02]} Be6 {[%emt 0:00:01]} 12. Nd5 {[%emt 0:00:02]} e4 {[%emt 0:00:10]} 13. dxe4 {[%emt 0:00:02]} Nxe4 {[%emt 0:00:01]} 14. Nef4 {[%emt 0:00:03]} Bf7 {[%emt 0:00:02]} 15. Bxe4 {[%emt 0:00:03]} fxe4 {[%emt 0:00:01]} 16. Qc2 {[%emt 0:00:01]} Re8 {[%emt 0:00:02]} 17. Bb2 {[%emt 0:00:02]} Bxb2 {[%emt 0:00:22]} 18. Qxb2 {[%emt 0:00:01]} Ne5 {[%emt 0:00:01]} 19. Kg2 {[%emt 0:00:05]} Qd7 {[%emt 0:00:09]} 20. Nf6+ {[%emt 0:00:02] Bellbox resigns (Lag: Av=0.55s, max=1.2s)} 1-0

[Event "Stay Safe Play From Home 207"]
[Site "T#646637Emanuel Laske"]
[Date "2020.06.07"]
[Round "2"]
[White "Haris kollari 13"]
[Black "Don59as"]
[Result "1-0"]
[WhiteElo "1933"]
[BlackElo "2017"]
[Annotator "NA RC"]
[PlyCount "75"]
[EventDate "2020.06.07"]
[EventType "swiss (blitz)"]

1. e4 {[%emt 0:00:01]} e5 {[%emt 0:00:01]} 2. Nf3 {[%emt 0:00:01]} Nc6 {[%emt 0:00:01]} 3. Bb5 {[%emt 0:00:02]} f5 {[%emt 0:00:01]} 4. exf5 {[%emt 0:00:01]} e4 {[%emt 0:00:01]} 5. Qe2 {[%emt 0:00:00]} Qe7 {[%emt 0:00:01]} 6. Bxc6 {[%emt 0:00:01]} dxc6 {[%emt 0:00:01]} 7. Nd4 {[%emt 0:00:01]} Nf6 {[%emt 0:00:01]} 8. O-O {[%emt 0:00:01]} Qe5 {[%emt 0:00:01]} 9. c3 {[%emt 0:00:02]} c5 {[%emt 0:00:24]} 10. Ne6 {[%emt 0:00:03]} Bxe6 {[%emt 0:00:05]} 11. fxe6 {[%emt 0:00:01]} Bd6 {[%emt 0:00:15]} 12. g3 {[%emt 0:00:08]} O-O-O {[%emt 0:00:15]} 13. Re1 {[%emt 0:00:04]} Qxe6 {[%emt 0:00:03]} 14. d3 {[%emt 0:00:05]} Rhe8 {[%emt 0:00:06]} 15. f3 {[%emt 0:00:04]} Qh3 {[%emt 0:00:45]} 16. dxe4 {[%emt 0:00:03]} Bxg3 {[%emt 0:00:19]} 17. hxg3 {[%emt 0:00:06]} Qxg3+ {[%emt 0:00:01]} 18. Kf1 {[%emt 0:00:06]} Qh4 {[%emt 0:00:18]} 19. Qg2 {[%emt 0:00:08]} h6 {[%emt 0:00:05]} 20. Be3 {[%emt 0:00:02]} g5 {[%emt 0:00:09]} 21. Nd2 {[%emt 0:00:04]} g4 {[%emt 0:00:04]} 22. f4 {[%emt 0:00:01]} h5 {[%emt 0:00:14]} 23. Rad1 {[%emt 0:00:02]} Rd3 {[%emt 0:00:17]} 24. Ke2 {[%emt 0:00:07]} Rxe3+ {[%emt 0:00:18]} 25. Kxe3 {[%emt 0:00:02]} Nd5+ {[%emt 0:00:01]} 26. Ke2 {[%emt 0:00:25]} Nxf4+ {[%emt 0:00:01]} 27. Kf1 {[%emt 0:00:02]} Nxg2 {[%emt 0:00:02]} 28. Kxg2 {[%emt 0:00:02]} Qh3+ {[%emt 0:00:03]} 29. Kg1 {[%emt 0:00:01]} g3 {[%emt 0:00:09]} 30. Re2 {[%emt 0:00:01]} Qg4 {[%emt 0:00:01]} 31. Rde1 {[%emt 0:00:02]} h4 {[%emt 0:00:01]} 32. Nf1 {[%emt 0:00:04]} h3 {[%emt 0:00:10]} 33. Re3 {[%emt 0:00:10]} g2 {[%emt 0:00:17]} 34. Nh2 {[%emt 0:00:01]} Qe6 {[%emt 0:00:08]} 35. b3 {[%emt 0:00:05]} Rf8 {[%emt 0:00:03]} 36. c4 {[%emt 0:00:02]} Qf6 {[%emt 0:00:01]} 37. R3e2 {[%emt 0:00:03]} Qf3 {[%emt 0:00:01]} 38. Nxf3 {[%emt 0:00:02] Don59as resigns (Lag: Av=0.52s, max=0.8s)} 1-0

[Event "Stay Safe Play From Home 207"]
[Site "T#646637Emanuel Laske"]
[Date "2020.06.07"]
[Round "2"]
[White "Möwe"]
[Black "Timbre"]
[Result "1-0"]
[WhiteElo "1627"]
[BlackElo "1617"]
[Annotator "NA RC"]
[PlyCount "85"]
[EventDate "2020.06.07"]
[EventType "swiss (blitz)"]

1. e4 {[%emt 0:00:01]} c6 {[%emt 0:00:04]} 2. Nf3 {[%emt 0:00:00]} d5 {[%emt 0:00:01]} 3. exd5 {[%emt 0:00:00]} cxd5 {[%emt 0:00:01]} 4. d4 {[%emt 0:00:00]} Nc6 {[%emt 0:00:02]} 5. Bd3 {[%emt 0:00:00]} a6 {[%emt 0:00:02]} 6. O-O {[%emt 0:00:02]} Bg4 {[%emt 0:00:02]} 7. c3 {[%emt 0:00:04]} e6 {[%emt 0:00:02]} 8. Re1 {[%emt 0:00:01]} Nf6 {[%emt 0:00:01]} 9. Bg5 {[%emt 0:00:02]} Be7 {[%emt 0:00:02]} 10. h3 {[%emt 0:00:12]} Bh5 {[%emt 0:00:03]} 11. Nbd2 {[%emt 0:00:01]} Bg6 {[%emt 0:00:02]} 12. Bxg6 {[%emt 0:00:04]} hxg6 {[%emt 0:00:01]} 13. Qb3 {[%emt 0:00:01]} Rb8 {[%emt 0:00:05]} 14. c4 {[%emt 0:00:10]} dxc4 {[%emt 0:00:03]} 15. Qxc4 {[%emt 0:00:03]} Nd5 {[%emt 0:00:03]} 16. Bxe7 {[%emt 0:00:05]} Ndxe7 {[%emt 0:00:05]} 17. Ne5 {[%emt 0:00:09]} Rh5 {[%emt 0:00:06]} 18. Ndf3 {[%emt 0:00:02]} Nd5 {[%emt 0:00:05]} 19. Nxc6 {[%emt 0:00:03]} bxc6 {[%emt 0:00:02]} 20. Qxc6+ {[%emt 0:00:26]} Kf8 {[%emt 0:00:02]} 21. Ne5 {[%emt 0:00:04]} Rxb2 {[%emt 0:00:08]} 22. Qc5+ {[%emt 0:00:23]} Kg8 {[%emt 0:00:04]} 23. Qa7 {[%emt 0:00:04]} Qf6 {[%emt 0:00:12]} 24. Rf1 {[%emt 0:00:32]} Rf5 {[%emt 0:00:08]} 25. Nd7 {[%emt 0:00:03]} Qg5 {[%emt 0:00:10]} 26. Qa8+ {[%emt 0:00:09]} Kh7 {[%emt 0:00:03]} 27. Nf8+ {[%emt 0:00:01]} Kh6 {[%emt 0:00:02]} 28. Nxe6 {[%emt 0:00:07]} Qxg2+ {[%emt 0:00:14]} 29. Kxg2 {[%emt 0:00:09]} fxe6 {[%emt 0:00:02]} 30. Qh8+ {[%emt 0:00:03]} Kg5 {[%emt 0:00:02]} 31. Qxg7 {[%emt 0:00:03]} Nf4+ {[%emt 0:00:04]} 32. Kh2 {[%emt 0:00:03]} Nh5 {[%emt 0:00:08]} 33. h4+ {[%emt 0:00:11]} Kxh4 {[%emt 0:00:08]} 34. Qxg6 {[%emt 0:00:03]} Rfxf2+ {[%emt 0:00:03]} 35. Rxf2 {[%emt 0:00:02]} Rxf2+ {[%emt 0:00:02]} 36. Kg1 {[%emt 0:00:01]} Rf5 {[%emt 0:00:05]} 37. Qxf5 {[%emt 0:00:02]} exf5 {[%emt 0:00:02]} 38. d5 {[%emt 0:00:01]} Nf4 {[%emt 0:00:01]} 39. d6 {[%emt 0:00:01]} Ne6 {[%emt 0:00:01]} 40. d7 {[%emt 0:00:01]} Kg5 {[%emt 0:00:02]} 41. Re1 {[%emt 0:00:01]} Kf6 {[%emt 0:00:01]} 42. Rxe6+ {[%emt 0:00:01]} Kxe6 {[%emt 0:00:02]} 43. d8=Q {[%emt 0:00:01] Timbre resigns (Lag: Av=0.57s, max=1.1s)} 1-0

[Event "Stay Safe Play From Home 207"]
[Site "T#646637Emanuel Laske"]
[Date "2020.06.07"]
[Round "2"]
[White "Robk"]
[Black "Speedweb"]
[Result "1-0"]
[WhiteElo "1562"]
[BlackElo "1711"]
[Annotator "NA RC"]
[PlyCount "55"]
[EventDate "2020.06.07"]
[EventType "swiss (blitz)"]

1. e4 {[%emt 0:00:02]} c5 {[%emt 0:00:03]} 2. Nf3 {[%emt 0:00:03]} e6 {[%emt 0:00:01]} 3. d4 {[%emt 0:00:01]} cxd4 {[%emt 0:00:00]} 4. Nxd4 {[%emt 0:00:01]} Nf6 {[%emt 0:00:01]} 5. Nc3 {[%emt 0:00:02]} a6 {[%emt 0:00:02]} 6. Be3 {[%emt 0:00:04]} Qc7 {[%emt 0:00:04]} 7. f3 {[%emt 0:00:03]} b5 {[%emt 0:00:02]} 8. Qd2 {[%emt 0:00:04]} Bb7 {[%emt 0:00:01]} 9. O-O-O {[%emt 0:00:02]} d6 {[%emt 0:00:01]} 10. g4 {[%emt 0:00:01]} Nc6 {[%emt 0:00:03]} 11. h4 {[%emt 0:00:02]} Be7 {[%emt 0:00:03]} 12. h5 {[%emt 0:00:02]} h6 {[%emt 0:00:02]} 13. g5 {[%emt 0:00:05]} hxg5 {[%emt 0:00:02]} 14. Bxg5 {[%emt 0:00:02]} b4 {[%emt 0:00:10]} 15. Nce2 {[%emt 0:00:09]} d5 {[%emt 0:00:10]} 16. exd5 {[%emt 0:00:14]} Nxd5 {[%emt 0:00:06]} 17. Bxe7 {[%emt 0:00:02]} Ndxe7 {[%emt 0:00:01]} 18. Nxc6 {[%emt 0:00:09]} Bxc6 {[%emt 0:00:03]} 19. Nd4 {[%emt 0:00:01]} Bd5 {[%emt 0:00:09]} 20. Bd3 {[%emt 0:00:26]} Nc6 {[%emt 0:00:24]} 21. Nxc6 {[%emt 0:00:06]} Qxc6 {[%emt 0:00:02]} 22. Be4 {[%emt 0:00:06]} Bxe4 {[%emt 0:00:05]} 23. fxe4 {[%emt 0:00:03]} Rc8 {[%emt 0:00:01]} 24. Rh2 {[%emt 0:00:13]} a5 {[%emt 0:00:01]} 25. Kb1 {[%emt 0:00:05]} Ke7 {[%emt 0:00:12]} 26. Qg5+ {[%emt 0:00:09]} Kf8 {[%emt 0:00:01]} 27. Rd8+ {[%emt 0:00:04]} Rxd8 {[%emt 0:00:02]} 28. Qxd8+ {[%emt 0:00:01] Speedweb resigns (Lag: Av=1.01s, max=1.7s)} 1-0